| 000 | 00693nam a22002177a 4500 | ||
|---|---|---|---|
| 003 | BD-DhJNU | ||
| 005 | 20250409035906.0 | ||
| 008 | 250409b |||||||| |||| 00| 0 eng d | ||
| 020 | _a9781118622025 | ||
| 040 |
_aBD-DhJNU _bENG _cBD-DhJNU _dBD-DhJNU |
||
| 082 |
_223 _a302.2 MCG |
||
| 100 | _aMcPhail, Thomas L. | ||
| 245 |
_aGlobal communication : _btheories, stakeholders, and trends / _cThomas L. McPhail |
||
| 250 | _a4th ed. | ||
| 260 |
_aHoboken : _bWiley-Blackwell, _c2014. |
||
| 300 |
_a272p. : _bill. ; _c23 cm |
||
| 504 | _aIncludes bibliographies and index | ||
| 650 | _aCommunication, International | ||
| 650 | _aCommunication International cooperation | ||
| 942 |
_2ddc _cBK _n0 |
||
| 999 |
_c1552 _d1552 |
||